01381nam a22002297a 4500003000900000008004100009040007100050082002300121245008200144260008100226300004600307440003900353505055700392650001500949650001500964650001300979650001000992700002901002700003401031700003101065710005501096AR-CdUCM190425b ||||| |||| 00| 0 spa d aMUNICIPALIDAD PROVINCIAL DEL CUSCOcBIBLIOTECA MUNICIPAL DEL CUSCO aCantua/N°7-8/1980 aRevista Cantua /cÓrgano del Centro de estudiantes de Ciencias Biológicas aCusco :bÓrgano del Centro de estudiantes de Ciencias Biológicas,c1980. a107 páginas. :bilustraciones ;c29 cm. aCantuanNúmero 7,8. año 1980. aContenido: Los mamíferos colectados por Otto Garlepp. Ismael Cevallos Bendezú. -- Aves dañinas a los cultivos agrícolas del Cusco. Ángel Flores Bustamante. -- Plantas que afectan la conservación de los restos arqueológicos del Cusco. Horacio Zamalloa Díaz. -- Lista de insectos de Kallanga. Ismael Cevallos Bendezú. -- Hormigas del departamento del Cusco. José Escalante Gutiérrez. -- Nuevo registro de Gasterópodos de la region Sur del Perú. -- Normas para el cuidado y reproducción de peces rojos. -- Poesía botánica.  aBiología aEcología aInsectos aCusco aZamalloa Díaz, Horacio aEscalante Gutiérrez, José aCevallos Bendezú, Ismael aUniversidad Nacional de San Antonio Abad del Cusco